000 00572nam a2200181 i 4500
001 61536
003 ES-MaACL
005 20251007170533.0
007 t|
008 031112q1945 sp ||||1| spa d
245 0 3 _aEl afán de la gloria
_b: hazañas del as de la aviación teniente coronel Rudel /
_cpor Excelsior.
260 _a[S.l. :
_bs.n.,
_c1945?]
300 _a12 p. :
_bil. ;
_c24 cm.
594 _aPrecede al tit.: Heroes juveniles.
600 1 4 _aRudel, Hans-Ulrich,
_d1916-1982
_9100486
852 _aES-MaACL
_j1851-F-7
_bR.21270
999 _c61536
_d61536